Principles of management for quality projects /
This book is divided into four parts: Introduction; Key elements affecting quality in projects; Useful tools and techniques; and Matrix.
Đã lưu trong:
| 主要作者: | |
|---|---|
| 格式: | 图书 |
| 语言: | English |
| 出版: |
London :
International Thomson Business,
1999.
|
| 主题: | |
| 标签: |
添加标签
没有标签, 成为第一个标记此记录!
|
| Thư viện lưu trữ: | Mạng thư viện Đại học Đà Nẵng |
|---|
| LEADER | 01284cam a2200361 i 4500 | ||
|---|---|---|---|
| 001 | 000047606 | ||
| 003 | 7296 | ||
| 005 | 20180117090647.0 | ||
| 008 | 010321b1999 vm 000 eng | ||
| 020 | |a 1861525222 | ||
| 040 | |a LRCC |c LRCC |d LRCC | ||
| 041 | 0 | |a eng | |
| 082 | 1 | 4 | |a 658.562 |b CA-M |
| 100 | 1 | |a Carruthers, Michael C. | |
| 245 | 0 | 0 | |a Principles of management for quality projects / |c Michael C. Carruthers. |
| 260 | |a London : |b International Thomson Business, |c 1999. | ||
| 300 | |a ix, 226 p. : |b ill. ; |c 23.5cm. | ||
| 520 | 3 | |a This book is divided into four parts: Introduction; Key elements affecting quality in projects; Useful tools and techniques; and Matrix. | |
| 630 | 0 | 4 | |a Management. |
| 650 | 0 | 4 | |a Quality control. |
| 650 | 0 | 4 | |a Total quality management. |
| OWN | |a DUT | ||
| AVA | |a UDN50 |b DUT |c Book |d 658.562 CA-M |e available |t Error 5001 Not defined in file expand_doc_bib_avail. |f 1 |g 0 |h N |i 0 |j SH |k 1 | ||
| 999 | |a From the UDN01 | ||
| AVA | |a UDN50 |b DUT |c Book |d 658.562 CA-M |e available |t Error 5001 Not defined in file expand_doc_bib_avail. |f 1 |g 0 |h N |i 0 |j SH |k 1 | ||
| TYP | |a Monograph | ||
| TYP | |a Printed language | ||
| 980 | |a Mạng thư viện Đại học Đà Nẵng | ||


